00523nam a2200205 a 4500001001300000003000900013005001700022008004100039020000900080082001600089100002000105245003200125260003800157300000900195500003500204505001000239650002900249650001900278700002000297nice12345678IN_TiNIC20260116015209.0050524s1989 dela grp 000 0 eng  ac7500a291.32bIMR aImran, Muhammad aIdol Worship Vs God Worship aDelhibIslamic Book Servicec1989 a219p aincludes index and biblioraphy2 aIndex aComparative Religion-God aIslam-Hinduism1 aImran, Muhammad